000 00489nam a2200181Ia 4500
005 20250326125534.0
008 250326s9999 xx 000 0 und d
037 _aTextbook
040 _aFMSL
_beng
_cFMSL
041 _aeng
_2eng
084 _aSNI:68 L3
_qFMSL
100 _aDeverell C S
_9125883
245 0 _aSuccessful communication
_cDeverell C S
260 _aLondon
_bLondon, G Bell
_c1973
300 _a110p
942 _cTB
_hSNI:68 L3
999 _c1278486
_d1278486